000 00708nam a2200145 a 4500
008 100818s2009 ||||||||||||||||| || u
050 _aTHESIS/STUDENT
100 _aKayongo, John
245 1 0 _aUsing Analogical models to teach functions of cell organelles to grade 10 biology students
260 _aKitwe
_bCopperbelt University, School of Mathematics and Natural Sciences, Department of Mathematics and Science Education
_c2009
350 _a0.00
650 0 _aEDUCATIONAL TESTS AND MEASUREMENTS
650 _aEDUCATION, SECONDARY--ZAMBIA
995 _D0.00
_FCBU-MAIN LIBRARY (Kitwe)
_H1
_I0.00
_M1
_UAVAILABLE
_WAug 18, 2010
_ZUniversity Collection
999 _c61142
_d61142